LEADER 01013nam a2200301 i 4500 001 991002301289707536 005 20020503163807.0 008 000908s1976 it ||| | ita 035 $ab10344974-39ule_inst 035 $aEXGIL101621$9ExL 040 $aBiblioteca Interfacoltà$bita 082 0 $a235.4 100 1 $aHaag, Herbert$0159910 245 13$aLa credenza nel diavolo /$cHerbert Haag ; a cura di Aldo Gecchelin 260 $aMilano :$bMondadori,$c1976 300 $aXVI, 275 p. ;$c20 cm. 490 0 $aDocumentinuovi ;$v28 500 $aTrad. A. Gecchelin 500 $aTit. orig.: Teufelsglaube 650 4$aDemonio 700 1 $aGecchelin, Aldo 907 $a.b10344974$b21-02-17$c27-06-02 912 $a991002301289707536 945 $aLE002 235.4 HAA 945 $aLE002 Fil. III H 24$g1$i2002000466570$lle002$o-$pE0.00$q-$rl$s- $t0$u0$v0$w0$x0$y.i10405021$z27-06-02 996 $aCredenza nel diavolo$9204963 997 $aUNISALENTO 998 $ale002$b01-01-00$cm$da $e-$fita$git $h3$i1 LEADER 01531nas 2200385 n 450 001 990008968140403321 005 20240229084540.0 011 $a1594-1892 035 $a000896814 035 $aFED01000896814 035 $a(Aleph)000896814FED01 035 $a000896814 091 $2CNR$aPT02110687 100 $a20161109a20029999km-y0itaa50------ba 101 0 $aita 102 $aIT 110 $aauu-------- 200 1 $aGiardinaggio$eguida pratica per giardino terrazzo orto 207 1$a2002- 210 $aBologna$cIl Sole 24 Ore Edagricole 326 $aMensile 530 0 $aGiardinaggio 675 $a635.9 675 $a379.827 675 $a635 801 0$aIT$bACNP$c20090723 859 4 $uhttp://acnp.cib.unibo.it/cgi-ser/start/it/cnr/dc-p1.tcl?catno=2110687&person=false&language=ITALIANO&libr=&libr_th=unina1$zBiblioteche che possiedono il periodico 901 $aSE 912 $a990008968140403321 958 $aBiblioteca Centralizzata. Facoltà di Agraria dell'Università Federico II di Napoli$b2002-2005;$c2005;$fFAGBC 959 $aFAGBC 996 $aGiardinaggio$9795896 997 $aUNINA AP1 8 $6866-01$aNA087 Biblioteca Centralizzata. Facoltà di Agraria dell'Università Federico II di Napoli$ev. Università, 100 Palazzo Reale, 80055 Portici (NA)$m081-2539322$m081-7760229$nit AP2 40$aacnp.cib.unibo.it$nACNP Italian Union Catalogue of Serials$uhttp://acnp.cib.unibo.it/cgi-ser/start/it/cnr/df-p.tcl?catno=2110687&language=ITALIANO&libr=&person=&B=1&libr_th=unina&proposto=NO LEADER 01591oam 2200313z- 450 001 9910148585803321 005 20230913112557.0 010 $a1-68144-587-5 035 $a(CKB)3710000000921880 035 $a(BIP)050803231 035 $a(Exl-AI)993710000000921880 035 $a(EXLCZ)993710000000921880 100 $a20190630c2015uuuu -u- - 101 0 $aeng 200 10$aAstra 210 $cJo Fletcher Books 215 $a1 online resource (464 p.) 311 08$a1-62365-405-X 330 8 $aLike every child in Is-Land, all Astra Ordott wants is to have her Security Shot, do her National Service and defend her Gaian homeland from Non-Lander "infiltrators." But when one of her Shelter mothers, the formidable Dr Hokma Blesser, tells her the shot will limit her chances of becoming a scientist and offers her an alternative, Astra agrees to her plan.When the orphaned Lil arrives to share Astra's home, Astra is torn between jealousy and fascination. Lil's father taught her some alarming ideas about Is-Land and the world, but when she pushes Astra too far, the heartache that results goes far beyond the loss of a friend.If she is to survive, Astra must learn to deal with devastating truths about Is-Land, Non-Land and the secret web of adult relationships that surrounds her. 606 $aDystopias$7Generated by AI 606 $aSocial control$7Generated by AI 615 0$aDystopias 615 0$aSocial control 676 $a823.92 700 $aFoyle$b Naomi$01437136 906 $aBOOK 912 $a9910148585803321 996 $aAstra$93597563 997 $aUNINA